Los viajes del porvenir : (Record no. 63923)

MARC details
000 -LEADER
campo de control de longitud fija 00602nmm a2200169Ia 4500
008 - DATOS DE LONGITUD FIJA--INFORMACIÓN GENERAL
campo de control de longitud fija 251105s9999||||xx |||||||||||||||||und||
041 ## - CÓDIGO DE IDIOMA
Código de lengua del texto/banda sonora o título independiente spa
100 ## - ENTRADA PRINCIPAL--NOMBRE DE PERSONA
Nombre de persona Chavarro Arias, Oscar Eduardo
245 #0 - MENCIÓN DEL TÍTULO
Título Los viajes del porvenir :
Resto del título Las rutas turísticas en pospandemia
264 ## - PRODUCCIÓN, PUBLICACIÓN, DISTRIBUCIÓN, FABRICACIÓN Y COPYRIGHT
Producción, publicación, distribución, fabricación y copyright [Bogotá, Colombia] :
Nombre del de productor, editor, distribuidor, fabricante Corporación Universitaria del Huila - CORHUILA,
Fecha de producción, publicación, distribución, fabricación o copyright 2021
300 ## - DESCRIPCIÓN FÍSICA
Extensión 81 páginas
700 ## - ENTRADA AGREGADA--NOMBRE PERSONAL
Nombre de persona Chavarro Arias, Oscar Eduardo
700 1# - ENTRADA AGREGADA--NOMBRE PERSONAL
Nombre de persona Muñoz García, María Paz
700 1# - ENTRADA AGREGADA--NOMBRE PERSONAL
Nombre de persona Rubiano Zambrano, Victor Manuel
856 ## - LOCALIZACIÓN Y ACCESO ELECTRÓNICOS
Identificador Uniforme de Recursos <a href="https://public.digitaliapublishing.com/a/160221">https://public.digitaliapublishing.com/a/160221</a>
942 ## - ELEMENTOS DE ENTRADA SECUNDARIOS (KOHA)
Tipo de ítem Koha Libro Digital

No items available.

Powered by Koha